banner koha

Trichobius longipes (Diptera, Streblidae)as a parasite of Phyllostomus hastatus(Chiroptera, Phyllostomidae) (Registro n. 249970)

MARC details
000 -LÍDER
campo de controle de tamanho fixo 01193nas a2200385 4500
001 - NÚMERO DE CONTROLE
campo de controle BR2016002369
003 - IDENTIFICADOR DO NÚMERO DE CONTROLE
campo de controle BR-BrBNA
005 - DATA E HORÁRIO DA ÚLTIMA TRANSAÇÃO
campo de controle 20231205130529.0
007 - CAMPO FIXO DE DESCRIÇÃO FÍSICA--INFORMAÇÃO GERAL
campo de controle de tamanho fixo ta
008 - CAMPO DE DADOS FIXOS--INFORMAÇÃO GERAL
campo de controle de tamanho fixo 230509b bl.|||p| |||| 00| 00por d
040 ## - FONTE DA CATALOGAÇÃO
Instituição da catalogação original BR-BrBNA
Idioma da catalogação por
Instituição que transcreveu o registro Biblioteca Nacional de Agricultura
041 ## - CÓDIGO DE IDIOMA
Código do idioma do texto/trilha sonora ou título diferente (En)
072 ## - CÓDIGO DE CATEGORIA DE ASSUNTO
Código de Categoria de Assunto L72
100 1# - ENTRADA PRINCIPAL--NOME PESSOAL
Nome pessoal Esbérard, C.E.L.
100 1# - ENTRADA PRINCIPAL--NOME PESSOAL
Nome pessoal Biavatti, T.C.
100 1# - ENTRADA PRINCIPAL--NOME PESSOAL
Nome pessoal Carvalho, W.D.
100 1# - ENTRADA PRINCIPAL--NOME PESSOAL
Nome pessoal Costa, L. de M.
100 1# - ENTRADA PRINCIPAL--NOME PESSOAL
Nome pessoal Godoy, M. de S.
100 1# - ENTRADA PRINCIPAL--NOME PESSOAL
Nome pessoal Gomes, L.A.C.
100 1# - ENTRADA PRINCIPAL--NOME PESSOAL
Nome pessoal Luz, J.L.
100 1# - ENTRADA PRINCIPAL--NOME PESSOAL
Nome pessoal Pol, A.
100 1# - ENTRADA PRINCIPAL--NOME PESSOAL
Nome pessoal Silva, E.P.
100 1# - ENTRADA PRINCIPAL--NOME PESSOAL
Nome pessoal Tato, G.K.
100 1# - ENTRADA PRINCIPAL--NOME PESSOAL
Nome pessoal Graciolli, G.
245 1# - TÍTULO
Título Trichobius longipes (Diptera, Streblidae)as a parasite of Phyllostomus hastatus(Chiroptera, Phyllostomidae)
650 ## - ASSUNTO--TERMO TÓPICO
Cabeçalho tópico ou nome geográfico MOSCA
650 ## - ASSUNTO--TERMO TÓPICO
Cabeçalho tópico ou nome geográfico MORCEGO
650 ## - ASSUNTO--TERMO TÓPICO
Cabeçalho tópico ou nome geográfico HOSPEDEIRO ANIMAL
650 ## - ASSUNTO--TERMO TÓPICO
Cabeçalho tópico ou nome geográfico PARASITOLOGIA
650 ## - ASSUNTO--TERMO TÓPICO
Cabeçalho tópico ou nome geográfico ANALISE COMPARATIVA
773 0# - ENTRADA ANALÍTICA
Título Brazilian Journal of Veterinary Parasitology (Brazil)
ISSN - International Standard Serial Number ISSN 1984-2961
Partes relacionadas (Jul-Sep 2014), v. 23(3) p. 315-319
Número de controle do registro BR2016002369
856 40 - LOCALIZAÇÃO ELETRÔNICA E ACESSO
Uniform Resource Identifier <a href="http://www.scielo.br/pdf/rbpv/v23n3/0103-846X-rbpv-23-03-315.pdf">http://www.scielo.br/pdf/rbpv/v23n3/0103-846X-rbpv-23-03-315.pdf</a>
909 ## -
-- 202311
-- Lúcia
-- 55
-- Lúcia Elande
942 ## - ELEMENTOS DE ENTRADA ADICIONADOS (KOHA)
Fonte da classificação ou esquema de arquivamento na estante Classificação AGRIS
Ocultar no OPAC Não
Tipo de material Koha Analítica
Exemplares
Situação do descarte Fonte da classificação ou esquema de arquivamento na estante Situação física Não pode ser emprestado Biblioteca de origem Biblioteca atual Localização na estante Enumeração do periódico / cronologia Total de empréstimos Data de último acesso Número do exemplar Tipo de material Koha Fonte de aquisição
  Classificação AGRIS   Consulta local Biblioteca Nacional de Agricultura - Binagri Biblioteca Nacional de Agricultura - Binagri   (Jul-Sep 2014), v. 23(3) p. 315-319   29/11/2023 01 Periódicos Portaria Interministerial nº 164/94

BINAGRI

Telefone: (61)3218-2567/2388/3357/2097 - binagri@agro.gov.br

Ministério da Agricultura e Pecuária , Esplanada dos Ministérios, Bloco D, Anexo B, Brasília/DF, CEP: 70.043-900